| 000 | 00500cam a2200193 4500 | ||
|---|---|---|---|
| 001 | 45767 | ||
| 010 | _a9725990412 | ||
| 021 |
_aPT _b61286/92 |
||
| 090 | _a45767 | ||
| 100 | _a19940615d1992 m y0pory5003 ba | ||
| 102 | _aPT | ||
| 200 | 1 |
_aO bateleur _fAntónio Telmo |
|
| 210 | 9 |
_aLisboa _cÁtrio, _d1992 [D.L. 1994] |
|
| 215 |
_a58, [3] p. _cil. _d20 cm |
||
| 225 | 2 |
_aO chão do touro _v2 |
|
| 675 |
_a821.134.3.09 _vBN _zpor |
||
| 700 | 1 |
_aTelmo, _bAntónio, _f1927-2010 |
|
| 801 | 0 |
_aPT _bBN _gRPC |
|
| 990 | _cLIVROS | ||